000 00475nam a2200169Ia 4500
008 260520s2025 xx 000 0 und d
041 _amar
082 _a080/BAD
100 _aबडे, विठ्ठल
245 _aपोलीस भारती
250 _a1st ed
260 _aपुणे
_bमहाराष्ट्र पब्लिकेशन
_c2025
300 _a709p.
440 _v2 Vol
500 _aCat No: 15246
650 _aCOMPITITIVE EXAM
999 _c1222246
_d1222246